[Event "Canadian op"]
[Site "Laval"]
[Date "2024.07.18"]
[Round "8"]
[White "Gauthier, Denis"]
[Black "Fillmore, Louis"]
[Result "0-1"]
[WhiteElo "1743"]
[BlackElo "1596"]
[PlyCount "44"]
[EventDate "2024.07.13"]
[EventType "swiss"]
[EventRounds "9"]
[EventCountry "CAN"]
[SourceTitle "EXT 2025"]
[Source "ChessBase"]
[SourceDate "2024.10.14"]
[SourceVersion "1"]
[SourceVersionDate "2024.10.14"]
[SourceQuality "1"]

1. d4 d5 2. c4 e6 3. Nc3 Nf6 4. cxd5 exd5 5. Bg5 Bb4 6. e3 0-0 7. Bd3 c6 8. Nge2 h6 9. Bh4 Nbd7 10. 0-0 Re8 11. Rc1 b6 12. a3 Bd6 13. b4 Bxh2+ 14. Kxh2 Ng4+ 15. Kg3 g5 16. Kxg4 Nf6+ 17. Kg3 Ng4 18. Rh1 gxh4+ 19. Kf3 Qg5 20. Nf4 Nxe3 21. fxe3 Qg3+ 22. Ke2 Bg4+ 0-1

[Event "Canadian op"]
[Site "Laval"]
[Date "2024.07.17"]
[Round "7"]
[White "Lu, Aiden Hao Ting"]
[Black "Gauthier, Denis"]
[Result "0-1"]
[WhiteElo "1670"]
[BlackElo "1743"]
[PlyCount "50"]
[EventDate "2024.07.13"]
[EventType "swiss"]
[EventRounds "9"]
[EventCountry "CAN"]
[SourceTitle "EXT 2025"]
[Source "ChessBase"]
[SourceDate "2024.10.14"]
[SourceVersion "1"]
[SourceVersionDate "2024.10.14"]
[SourceQuality "1"]

1. d4 Nf6 2. Nf3 e6 3. c4 Bb4+ 4. Bd2 a5 5. a3 Bxd2+ 6. Qxd2 b6 7. g3 Bb7 8. Bg2 d6 9. Nc3 Nbd7 10. 0-0 0-0 11. Qc2 Qe7 12. Rfe1 e5 13. dxe5 dxe5 14. Nxe5 Nxe5 15. Bxb7 Rab8 16. Bd5 c6 17. Bg2 Nxc4 18. Ne4 Ne5 19. f4 Neg4 20. Qxc6 Kh8 21. Nxf6 Qe3+ 22. Kh1 Nf2+ 23. Kg1 Nh3+ 24. Kh1 Qg1+ 25. Rxg1 Nf2# 0-1

[Event "Canadian op"]
[Site "Laval"]
[Date "2024.07.16"]
[Round "6"]
[White "Gauthier, Denis"]
[Black "Le Pen, Michel"]
[Result "1/2-1/2"]
[WhiteElo "1743"]
[BlackElo "1697"]
[PlyCount "36"]
[EventDate "2024.07.13"]
[EventType "swiss"]
[EventRounds "9"]
[EventCountry "CAN"]
[SourceTitle "EXT 2025"]
[Source "ChessBase"]
[SourceDate "2024.10.14"]
[SourceVersion "1"]
[SourceVersionDate "2024.10.14"]
[SourceQuality "1"]

1. d4 d5 2. c4 e6 3. Nc3 b6 4. cxd5 exd5 5. Bf4 Nf6 6. e3 c6 7. Bd3 Be7 8. Nf3 Nbd7 9. h3 Bb7 10. 0-0 0-0 11. Rc1 c5 12. Bb1 a6 13. a4 Rc8 14. Ne5 Ne4 15. Nxd7 Qxd7 16. Bxe4 dxe4 17. dxc5 Qxd1 18. Rfxd1 Bxc5 1/2-1/2

[Event "Laval op"]
[Site "Laval"]
[Date "2024.06.22"]
[Round "3"]
[White "Beaupre, Eugene Jr"]
[Black "Gauthier, Denis"]
[Result "1-0"]
[WhiteElo "1944"]
[BlackElo "1793"]
[PlyCount "59"]
[EventDate "2024.06.21"]
[EventType "swiss"]
[EventRounds "5"]
[EventCountry "CAN"]
[SourceTitle "CBM 221 Extra"]
[Source "ChessBase"]
[SourceDate "2024.09.30"]
[SourceVersion "1"]
[SourceVersionDate "2024.09.30"]
[SourceQuality "1"]

1. e4 d6 2. d4 Nf6 3. Nc3 g6 4. f4 Bg7 5. Nf3 0-0 6. e5 Nfd7 7. Be3 c5 8. Qd2 cxd4 9. Bxd4 Nc6 10. e6 fxe6 11. Bxg7 Kxg7 12. 0-0-0 Nf6 13. Bc4 a6 14. Qe2 d5 15. Ng5 Qc7 16. Bb3 Qxf4+ 17. Qd2 Qxd2+ 18. Rxd2 h6 19. Nf3 b5 20. Re1 Bd7 21. a3 g5 22. Nd4 Nxd4 23. Rxd4 Nh5 24. Nxd5 exd5 25. Rxe7+ Kh8 26. Rxd7 Nf4 27. Kd2 Rae8 28. g3 Ng2 29. R4xd5 Rf2+ 30. Kc3 1-0

[Event "Laval op"]
[Site "Laval"]
[Date "2024.06.22"]
[Round "2"]
[White "Jacquet, Stephane1"]
[Black "Gauthier, Denis"]
[Result "1-0"]
[WhiteElo "2033"]
[BlackElo "1793"]
[PlyCount "99"]
[EventDate "2024.06.21"]
[EventType "swiss"]
[EventRounds "5"]
[EventCountry "CAN"]
[SourceTitle "CBM 221 Extra"]
[Source "ChessBase"]
[SourceDate "2024.09.30"]
[SourceVersion "1"]
[SourceVersionDate "2024.09.30"]
[SourceQuality "1"]

1. d4 Nf6 2. c4 e6 3. Nf3 Bb4+ 4. Nbd2 b6 5. g3 Bb7 6. Bg2 0-0 7. 0-0 Bxd2 8. Bxd2 h6 9. Bc3 d6 10. d5 e5 11. Ne1 Nbd7 12. e4 Nc5 13. Qe2 a5 14. b3 Re8 15. Rb1 Qe7 16. a3 Ncd7 17. Nd3 Ba6 18. Rfc1 a4 19. Bd2 axb3 20. Rxb3 Reb8 21. Be3 Ne8 22. Nb4 Bb7 23. Rcb1 Nc5 24. Bxc5 dxc5 25. Nc2 Nd6 26. f4 Ba6 27. Ne3 Bc8 28. Nf5 Bxf5 29. exf5 Nxf5 30. Qxe5 Qxe5 31. fxe5 Nd4 32. Rd3 Ra4 33. d6 cxd6 34. exd6 Kf8 35. Rxd4 cxd4 36. c5 d3 37. c6 Rd4 38. d7 Rc4 39. Rd1 Ke7 40. Rxd3 Kd8 41. Re3 Kc7 42. Re8 Rd8 43. Re7 Rc3 44. a4 Rc4 45. Rxf7 Rxa4 46. Rxg7 b5 47. h4 b4 48. Rg4 Ra1+ 49. Kh2 b3 50. Rb4 1-0

[Event "Laval op"]
[Site "Laval"]
[Date "2024.06.21"]
[Round "1"]
[White "Gauthier, Denis"]
[Black "Deboosere, Adam Moussa"]
[Result "0-1"]
[WhiteElo "1793"]
[BlackElo "2084"]
[PlyCount "84"]
[EventDate "2024.06.21"]
[EventType "swiss"]
[EventRounds "5"]
[EventCountry "CAN"]
[SourceTitle "CBM 221 Extra"]
[Source "ChessBase"]
[SourceDate "2024.09.30"]
[SourceVersion "1"]
[SourceVersionDate "2024.09.30"]
[SourceQuality "1"]

1. d4 Nf6 2. c4 e6 3. Nf3 b6 4. a3 Bb7 5. Nc3 Ne4 6. Nxe4 Bxe4 7. Nd2 Bg6 8. g3 Nc6 9. e3 e5 10. d5 Na5 11. Bg2 Bd6 12. b4 Nb7 13. 0-0 a5 14. Bb2 0-0 15. f4 f6 16. Qb3 Qe7 17. f5 Bf7 18. Ne4 axb4 19. Nxd6 Nc5 20. Qxb4 Ra4 21. Qc3 Qxd6 22. Rfd1 Rfa8 23. Qc2 R4a6 24. h3 Kf8 25. Kh2 Ke7 26. Bf3 Ra4 27. Bg2 Bh5 28. Rd2 Bf7 29. Rdd1 g5 30. Bf3 h5 31. Bg2 h4 32. Qf2 Rxc4 33. Kg1 Bh5 34. g4 Bf7 35. Bf1 Rca4 36. Bb5 R4a5 37. Bc4 Na4 38. Bc1 Nc5 39. Bb2 Kf8 40. Qc2 Kg7 41. Bf1 Na4 42. Bc1 Rc5 0-1

[Event "Montreal Pere Noel"]
[Site "Montreal"]
[Date "2017.12.30"]
[Round "4.17"]
[White "Steinberg, Ellis"]
[Black "Gauthier, Denis"]
[Result "0-1"]
[WhiteElo "1820"]
[BlackElo "1867"]
[PlyCount "96"]
[EventDate "2017.12.27"]
[EventType "swiss"]
[EventRounds "5"]
[EventCountry "CAN"]
[SourceTitle "EXT 2022"]
[Source "ChessBase"]
[SourceDate "2021.10.06"]
[SourceVersion "1"]
[SourceVersionDate "2021.10.06"]
[SourceQuality "1"]

1. e4 c5 2. Nf3 e6 3. d3 Nc6 4. g3 g6 5. Bg2 Bg7 6. 0-0 Nge7 7. c3 0-0 8. d4 cxd4 9. cxd4 d5 10. e5 Qb6 11. Nc3 Nf5 12. Na4 Qc7 13. g4 Nfe7 14. Bf4 b6 15. Qd2 Ba6 16. Rfc1 Qd7 17. b3 Rfc8 18. Rc2 Rc7 19. Rac1 Rac8 20. Nb2 Kh8 21. h3 Ng8 22. a3 Na5 23. Rxc7 Rxc7 24. b4 Nc4 25. Qc3 Rc8 26. Qb3 Nxb2 27. Qxb2 Bc4 28. Nd2 b5 29. Rc3 Ne7 30. Qc1 Nc6 31. Nf3 Kg8 32. Bh6 Qe7 33. Qf4 Ra8 34. Bg5 Qd7 35. Bf6 a5 36. bxa5 Rxa5 37. Bxg7 Kxg7 38. g5 Qa7 39. Qh4 Ne7 40. Qf4 Rxa3 41. Qf6+ Kg8 42. Rxc4 bxc4 43. Nh2 Ra1+ 44. Bf1 h5 45. gxh6 Nf5 46. Ng4 Qe7 47. Qxe7 Nxe7 48. Nf6+ Kh8 0-1

[Event "Montreal Vendredi 11"]
[Site "Montreal"]
[Date "2017.11.24"]
[Round "3"]
[White "Nunez, Omar"]
[Black "Gauthier, Denis"]
[Result "1-0"]
[WhiteElo "1940"]
[BlackElo "1945"]
[PlyCount "45"]
[EventDate "2017.11.10"]
[EventType "tourn"]
[EventRounds "3"]
[EventCountry "CAN"]
[SourceTitle "EXT 2022"]
[Source "ChessBase"]
[SourceDate "2021.10.06"]
[SourceVersion "1"]
[SourceVersionDate "2021.10.06"]
[SourceQuality "1"]

1. f4 g6 2. Nf3 Bg7 3. g3 d6 4. Bg2 e5 5. fxe5 dxe5 6. Nc3 Nc6 7. d3 Nge7 8. 0-0 0-0 9. e4 h6 10. Be3 Be6 11. Qd2 Kh7 12. Rf2 Qd7 13. a3 Rad8 14. b4 a6 15. Raf1 Nd4 16. Bxd4 exd4 17. Ne2 g5 18. Nxg5+ hxg5 19. Qxg5 Ng6 20. Nf4 Bh6 21. Qf6 Qe7 22. Nxg6 Qxf6 23. Nxf8+ 1-0

[Event "Montreal Vendredi 11"]
[Site "Montreal"]
[Date "2017.11.17"]
[Round "2"]
[White "Gauthier, Denis"]
[Black "Tremblay, Alain"]
[Result "1/2-1/2"]
[WhiteElo "1945"]
[BlackElo "2139"]
[PlyCount "47"]
[EventDate "2017.11.10"]
[EventType "tourn"]
[EventRounds "3"]
[EventCountry "CAN"]
[SourceTitle "EXT 2022"]
[Source "ChessBase"]
[SourceDate "2021.10.06"]
[SourceVersion "1"]
[SourceVersionDate "2021.10.06"]
[SourceQuality "1"]

1. d4 d6 2. c4 Nf6 3. Nc3 g6 4. e4 Bg7 5. Bd3 0-0 6. Nge2 e5 7. 0-0 a5 8. Bc2 Nc6 9. d5 Nb4 10. Bb1 Na6 11. a3 Bd7 12. Bc2 Qe8 13. Rb1 a4 14. f3 Nc5 15. Be3 b6 16. Qd2 h5 17. Bh6 Qe7 18. Bxg7 Kxg7 19. Rbe1 Nh7 20. f4 Rae8 21. fxe5 Qxe5 22. Nd4 Qg5 23. Qf2 Qf6 24. Qd2 1/2-1/2

[Event "Montreal Vendredi 11"]
[Site "Montreal"]
[Date "2017.11.10"]
[Round "1"]
[White "Gauthier, Denis"]
[Black "Cardona, Misael"]
[Result "0-1"]
[WhiteElo "1945"]
[BlackElo "2169"]
[PlyCount "72"]
[EventDate "2017.11.10"]
[EventType "tourn"]
[EventRounds "3"]
[EventCountry "CAN"]
[SourceTitle "EXT 2022"]
[Source "ChessBase"]
[SourceDate "2021.10.06"]
[SourceVersion "1"]
[SourceVersionDate "2021.10.06"]
[SourceQuality "1"]

1. d4 f5 2. Nc3 Nf6 3. Bg5 d5 4. Bxf6 exf6 5. e3 c6 6. Bd3 Qb6 7. Rb1 Be6 8. Qf3 g6 9. Nge2 Bd6 10. g4 Nd7 11. gxf5 Bf7 12. 0-0 Qc7 13. Ng3 0-0-0 14. b4 g5 15. b5 h5 16. bxc6 Qxc6 17. Nb5 Bb8 18. Rb3 h4 19. Rc3 hxg3 20. fxg3 Rh3 21. Rf2 Rdh8 22. Bf1 R3h6 23. Rg2 g4 24. Qf2 Nf8 25. Qd2 Nh7 26. Rxc6+ bxc6 27. Qc3 Kd7 28. Qb4 Ng5 29. Kf2 Ne4+ 30. Ke1 Rxh2 31. Rxh2 Bxg3+ 32. Kd1 Bxh2 33. Nxa7 Rb8 34. Qa5 g3 35. Qa6 Rb1+ 36. Ke2 Bh5+ 0-1

[Event "Montreal Mont Royal op"]
[Site "Montreal"]
[Date "2017.07.26"]
[Round "5"]
[White "Gauthier, Denis"]
[Black "Saha, Ananda"]
[Result "1/2-1/2"]
[WhiteElo "1856"]
[BlackElo "2029"]
[PlyCount "123"]
[EventDate "2017.07.22"]
[EventType "swiss"]
[EventRounds "9"]
[EventCountry "CAN"]
[SourceTitle "CBM 179 Extra"]
[Source "ChessBase"]
[SourceDate "2017.08.23"]
[SourceVersion "1"]
[SourceVersionDate "2017.08.23"]
[SourceQuality "1"]

1. d4 d5 2. c4 e6 3. Nc3 Be7 4. cxd5 exd5 5. Bf4 Nf6 6. e3 0-0 7. Bd3 c6 8. h3 Nbd7 9. Nf3 Re8 10. 0-0 Nf8 11. Ne5 Ng6 12. Bh2 Nxe5 13. Bxe5 Nd7 14. Bg3 Nf8 15. a3 Bd6 16. Ne2 Bxg3 17. Nxg3 g6 18. b4 f5 19. b5 Ne6 20. bxc6 bxc6 21. Qc2 Bd7 22. Ne2 Qf6 23. g3 f4 24. exf4 Nxd4 25. Nxd4 Qxd4 26. f5 g5 27. Rad1 Qf6 28. g4 h5 29. f3 hxg4 30. fxg4 Re3 31. Qh2 Qd4 32. Qf2 Rae8 33. Be2 Rg3+ 34. Kh2 Qxf2+ 35. Rxf2 Ree3 36. Bf1 Rxa3 37. Rb2 Rgb3 38. Re2 Rb7 39. Re7 Ra2+ 40. Kg1 Rab2 41. Rde1 R2b6 42. f6 c5 43. Rg7+ Kf8 44. Ree7 Rxf6 45. Bd3 Rb3 46. Bh7 Be6 47. Rxa7 Rxh3 48. Rgb7 Bf7 49. Bf5 c4 50. Rc7 d4 51. Rd7 d3 52. Rac7 Re3 53. Kf2 Re8 54. Kf3 Be6 55. Rh7 Bd5+ 56. Kg3 d2 57. Rh8+ Bg8 58. Bh7 Re3+ 59. Kg2 Re2+ 60. Kg3 Re3+ 61. Kg2 Re2+ 62. Kg3 1/2-1/2

[Event "Montreal CC-ch"]
[Site "Montreal"]
[Date "2017.06.11"]
[Round "4.10"]
[White "Gauthier, Denis"]
[Black "Nica, Ion"]
[Result "1-0"]
[WhiteElo "1958"]
[BlackElo "1665"]
[PlyCount "89"]
[EventDate "2017.06.09"]
[EventType "swiss"]
[EventRounds "5"]
[EventCountry "CAN"]
[SourceTitle "EXT 2022"]
[Source "ChessBase"]
[SourceDate "2021.10.06"]
[SourceVersion "1"]
[SourceVersionDate "2021.10.06"]
[SourceQuality "1"]

1. d4 d5 2. c4 Nc6 3. cxd5 Qxd5 4. e3 e5 5. Nc3 Bb4 6. Bd2 Bxc3 7. Bxc3 exd4 8. Ne2 Bg4 9. f3 Bxf3 10. gxf3 Qxf3 11. Nxd4 Qxh1 12. Nxc6 Nf6 13. Bxf6 gxf6 14. Na5 Rd8 15. Qe2 Qe4 16. Nc4 Qh4+ 17. Qf2 Qxf2+ 18. Kxf2 b5 19. Na3 Rd2+ 20. Be2 c6 21. Rc1 Kd7 22. Rc2 Rxc2 23. Nxc2 a5 24. Nd4 b4 25. Bc4 Rf8 26. Nf5 c5 27. Kf3 h5 28. h4 Kc7 29. Ng3 a4 30. Ne4 a3 31. bxa3 bxa3 32. Nxf6 Rh8 33. Kf4 Rh6 34. Kf5 Rg6 35. Bxf7 Rg3 36. Bxh5 c4 37. Nd5+ Kc6 38. Bf7 Rg2 39. Ke4 Rxa2 40. Nb4+ Kc5 41. Nxa2 Kb5 42. h5 Kc5 43. h6 Kb5 44. h7 Ka4 45. Bxc4 1-0

[Event "Quebec-ch Senior"]
[Site "Montreal"]
[Date "2017.04.22"]
[Round "2"]
[White "Langlois, Jean Marie"]
[Black "Gauthier, Denis"]
[Result "0-1"]
[WhiteElo "1460"]
[BlackElo "2022"]
[PlyCount "20"]
[EventDate "2017.04.21"]
[EventType "swiss"]
[EventRounds "5"]
[EventCountry "CAN"]
[SourceTitle "EXT 2022"]
[Source "ChessBase"]
[SourceDate "2021.10.06"]
[SourceVersion "1"]
[SourceVersionDate "2021.10.06"]
[SourceQuality "1"]

1. e4 c5 2. Nc3 Nc6 3. g3 g6 4. Bg2 Bg7 5. d3 d6 6. Be3 e6 7. Qd2 Nd4 8. Nge2 Ne7 9. Bh6 Bxh6 10. Qxh6 Nxc2+ 0-1